[Event "XXI Festival"]
[Site "Arco ITA"]
[Date "1999.10.27"]
[Round "5"]
[White "Barbafiera, Luigi"]
[Black "Luciani, Carlo"]
[Result "0-1"]
[WhiteElo "1915"]
[BlackElo "2228"]
[PlyCount "82"]
[EventDate "1999.10.23"]

1.Nf3 Nf6 2.c4 d6 3.Nc3 Bg4 4.e4 c5 5.Be2 Nc6 6.O-O g6 7.d3 Bg7 8.Be3 O-O 
9.Qd2 Re8 10.Bh6 Bh8 11.Ng5 Bxe2 12.Qxe2 Nd4 13.Qd1 Qd7 14.h3 Nh5 15.Nf3 
a6 16.Nd5 Rab8 17.Nxd4 Bxd4 18.Rb1 e6 19.Nf4 Nxf4 20.Bxf4 b5 21.b3 f5 22.
Qd2 fxe4 23.dxe4 e5 24.Be3 bxc4 25.bxc4 Qa4 26.Bxd4 cxd4 27.Rxb8 Rxb8 28.
Rc1 Qa3 29.Rc2 a5 30.f4 Qg3 31.fxe5 Qxe5 32.Qd3 Rb1+ 33.Kf2 Qf4+ 34.Qf3 
Qh4+ 35.g3 Qxh3 36.Qg2 Qh6 37.Qf3 Rh1 38.Ke2 Qh3 39.e5 Rg1 40.Kd2 Rg2+ 41.
Kc1 Qh1+ 0-1

[Event "XXI Festival"]
[Site "Arco ITA"]
[Date "1999.10.27"]
[Round "5"]
[White "Burchert, Wolfgang"]
[Black "Dalponte, Dino"]
[Result "1-0"]
[WhiteElo "2187"]
[BlackElo "2163"]
[PlyCount "65"]
[EventDate "1999.10.23"]

1.e4 e6 2.d4 d5 3.e5 Nd7 4.Nf3 c5 5.c3 Qb6 6.Bd3 Ne7 7.O-O Nc6 8.dxc5 Bxc5
9.b4 Nxb4 10.cxb4 Bd4 11.Nxd4 Qxd4 12.Qb3 Nxe5 13.Bb5+ Nc6 14.Bb2 Qg4 15.
h3 Qg5 16.Qc3 O-O 17.Bxc6 bxc6 18.f4 Qg6 19.Qxc6 Rb8 20.f5 Qg5 21.Qc1 Qxc1
22.Rxc1 a5 23.Be5 Rb7 24.fxe6 fxe6 25.bxa5 Ra7 26.Nd2 Ba6 27.Rc6 Bc4 28.
Nxc4 dxc4 29.Bc3 Rd8 30.Rxe6 Rd3 31.Rc1 Rc7 32.Rb6 Re3 33.a6 1-0

[Event "XXI Festival"]
[Site "Arco ITA"]
[Date "1999.10.27"]
[Round "5"]
[White "Carli, Carlo"]
[Black "Ragonese, Lucio Rosario"]
[Result "1-0"]
[WhiteElo "2074"]
[BlackElo "2010"]
[PlyCount "73"]
[EventDate "1999.10.23"]

1.e4 c6 2.d4 d5 3.exd5 cxd5 4.c4 Nf6 5.Nc3 Nc6 6.Nf3 e6 7.cxd5 Nxd5 8.Bd3 
Be7 9.O-O Bf6 10.Ne4 Qc7 11.Nxf6+ Nxf6 12.Bg5 Bd7 13.Re1 Nb4 14.Bf1 Qc2 
15.Bxf6 Qxd1 16.Raxd1 gxf6 17.d5 Nxa2 18.dxe6 fxe6 19.Bc4 Nb4 20.Bxe6 Bxe6
21.Rxe6+ Kf7 22.Red6 Rhe8 23.R1d4 Nc6 24.Rf4 Rad8 25.Rdxf6+ Kg8 26.g3 Ne5 
27.Nxe5 Rxe5 28.Rg4+ Kh8 29.Rf7 Rb5 30.Rgg7 Rb8 31.Rxh7+ Kg8 32.h4 Rxb2 
33.h5 Rb6 34.g4 a5 35.g5 a4 36.Rfg7+ Kf8 37.h6 1-0

[Event "XXI Festival"]
[Site "Arco ITA"]
[Date "1999.10.27"]
[Round "5"]
[White "Drasko, Milan"]
[Black "Gorbatov, Alexej"]
[Result "1/2-1/2"]
[WhiteElo "2509"]
[BlackElo "2353"]
[PlyCount "83"]
[EventDate "1999.10.23"]

1.d4 a6 2.e4 d5 3.exd5 Qxd5 4.Nc3 Qd6 5.Nge2 Bg4 6.h3 Bf5 7.Bf4 Qd8 8.Ng3 
Bg6 9.Qf3 Nc6 10.O-O-O Nf6 11.d5 Nb8 12.Bd3 Nbd7 13.Rhe1 Bxd3 14.Rxd3 Nc5 
15.Rd2 Qd7 16.d6 cxd6 17.Rxd6 Qc8 18.Rxf6 gxf6 19.Nd5 Ne6 20.Rxe6 fxe6 21.
Qh5+ Kd8 22.Nb6 Qc6 23.Nxa8 Qxg2 24.Nc7 Qg1+ 25.Kd2 Qxf2+ 26.Ne2 e5 27.
Ne6+ Kd7 28.Be3 Qg2 29.Nc5+ Kc7 30.Qf7 Qg8 31.Ne6+ Kd6 32.Bc5+ Kd7 33.
Nxf8+ Qxf8 34.Qd5+ Kc7 35.Qe6 Qd8+ 36.Ke3 Qd7 37.Qxe7 Qxe7 38.Bxe7 Re8 39.
Bxf6 Re6 40.Bg7 Re7 41.Bf6 Re6 42.Bg7 1/2-1/2

[Event "XXI Festival"]
[Site "Arco ITA"]
[Date "1999.10.27"]
[Round "5"]
[White "Frilli, Fabio"]
[Black "Cavatorta, Fosco"]
[Result "1-0"]
[WhiteElo "1915"]
[BlackElo "2066"]
[PlyCount "91"]
[EventDate "1999.10.23"]

1.f4 Nc6 2.Nf3 d5 3.e3 Bg4 4.Bb5 e6 5.O-O Ne7 6.b3 d4 7.e4 a6 8.Bxc6+ Nxc6
9.d3 Bc5 10.Nbd2 O-O 11.a3 a5 12.Qe1 Bxf3 13.Rxf3 Re8 14.Nc4 Qf6 15.Bd2 b5
16.Nxa5 Nxa5 17.Bxa5 c6 18.a4 bxa4 19.Rxa4 Qe7 20.f5 f6 21.Qa1 Reb8 22.Bd2
Qb7 23.fxe6 Rxa4 24.Qxa4 Bb4 25.Bxb4 Qxb4 26.Qxc6 Qe1+ 27.Rf1 Qe3+ 28.Kh1 
Qe2 29.Ra1 h6 30.e7 Kf7 31.Qd5+ Kg6 32.Qd7 Qxc2 33.e8=Q+ Rxe8 34.Qxe8+ Kh7
35.Qb5 Qc3 36.Rg1 Qb2 37.Qc4 Qf2 38.b4 h5 39.Qd5 g6 40.b5 h4 41.e5 fxe5 
42.Qxe5 Kh6 43.b6 Qf7 44.Qc7 Qd5 45.b7 h3 46.b8=Q 1-0

[Event "XXI Festival"]
[Site "Arco ITA"]
[Date "1999.10.27"]
[Round "5"]
[White "Haag, Martin"]
[Black "Fercec, Nenad"]
[Result "1-0"]
[WhiteElo "2292"]
[BlackElo "2476"]
[PlyCount "105"]
[EventDate "1999.10.23"]

1.c4 e5 2.Nc3 Nf6 3.Nf3 Nc6 4.e3 Bb4 5.Qc2 d6 6.d3 Bg4 7.Be2 O-O 8.a3 
Bxc3+ 9.Qxc3 a5 10.b3 e4 11.dxe4 Nxe4 12.Qc2 f5 13.Bb2 Qe7 14.h3 Bh5 15.
Bd3 Rae8 16.O-O-O Nc5 17.Qc3 Ne5 18.Be2 Ne4 19.Qe1 Nd7 20.Nd4 Bg6 21.g3 
Ndc5 22.h4 h5 23.Rg1 Qf7 24.Rg2 b6 25.Bf1 Kh8 26.f3 Nf6 27.Qc3 d5 28.Nc6 
Bh7 29.f4 Ng4 30.Re1 dxc4 31.Bxc4 Qg6 32.Nd4 Re7 33.Rge2 Ne4 34.Qc2 Nxg3 
35.Rg2 Rxe3 36.Reg1 Qe8 37.Ne6 b5 38.Bxg7+ Kg8 39.Nxc7+ bxc4 40.Nxe8 Rfxe8
41.Qxc4+ Kxg7 42.Rxg3 R3e4 43.Qc5 a4 44.Rd1 Bg6 45.bxa4 Kh6 46.Rc3 Rxf4 
47.Qd6 Rfe4 48.Rc6 Ne5 49.Rg1 Rg8 50.Rc7 Ng4 51.a5 f4 52.Rxg4 hxg4 53.Qf6 
1-0

[Event "XXI Festival"]
[Site "Arco ITA"]
[Date "1999.10.27"]
[Round "5"]
[White "Haldemann, Paul"]
[Black "Hocevar, Nikola"]
[Result "1-0"]
[WhiteElo "2235"]
[BlackElo "2174"]
[PlyCount "45"]
[EventDate "1999.10.23"]

1.d4 d5 2.c4 e6 3.Nc3 Nf6 4.cxd5 exd5 5.Bg5 c6 6.e3 Bd6 7.Bd3 h6 8.Bh4 
Nbd7 9.Qc2 Qa5 10.Nf3 O-O 11.O-O-O c5 12.dxc5 Qxc5 13.Kb1 a6 14.Bf5 g5 15.
Bg3 Nb6 16.Bxc8 Raxc8 17.Qf5 Ne4 18.Nxe4 dxe4 19.Qxe4 Rfe8 20.Qd3 Bf8 21.
h4 Bg7 22.hxg5 hxg5 23.Bd6 1-0

[Event "XXI Festival"]
[Site "Arco ITA"]
[Date "1999.10.27"]
[Round "5"]
[White "Heinlein, Reinhold"]
[Black "Blasco, Domenico"]
[Result "1-0"]
[WhiteElo "2145"]
[BlackElo "2111"]
[PlyCount "63"]
[EventDate "1999.10.23"]

1.d4 Nf6 2.c4 c5 3.d5 b5 4.cxb5 a6 5.bxa6 e6 6.dxe6 fxe6 7.g3 Be7 8.Bg2 
Rxa6 9.Nf3 O-O 10.O-O Nc6 11.Nc3 d5 12.Bf4 d4 13.Nb5 Nd5 14.Bd2 Qb6 15.a4 
Bd7 16.Bg5 Nf6 17.Qd3 h6 18.Bf4 Nd5 19.Bd2 Rfa8 20.Qg6 Be8 21.Qxe6+ Bf7 
22.Qf5 Rxa4 23.Rxa4 Rxa4 24.Qc8+ Nd8 25.Qd7 Qc6 26.Qxc6 Nxc6 27.Rd1 Ra2 
28.Bc1 Ra1 29.Nd2 Ndb4 30.Na3 Ne5 31.Be4 Bb3 32.Nxb3 1-0

[Event "XXI Festival"]
[Site "Arco ITA"]
[Date "1999.10.27"]
[Round "5"]
[White "Klimm, Wolf-Dietrich"]
[Black "Rossi, Carlo"]
[Result "0-1"]
[WhiteElo "2212"]
[BlackElo "2361"]
[PlyCount "78"]
[EventDate "1999.10.23"]

1.Nf3 Nc6 2.c4 g6 3.Nc3 Bg7 4.g3 Nh6 5.Bg2 Nf5 6.O-O h5 7.Rb1 h4 8.b4 hxg3
9.fxg3 Ne5 10.e4 Nxf3+ 11.Qxf3 Nh6 12.d3 Bxc3 13.Bxh6 Bd4+ 14.Be3 Bxe3+ 
15.Qxe3 e5 16.d4 d6 17.d5 a5 18.a3 axb4 19.axb4 Ra2 20.Rf2 Rxf2 21.Qxf2 
Qg5 22.Rf1 f5 23.c5 Qh6 24.Bh1 Qg5 25.Bg2 Qh6 26.Bh1 Bd7 27.exf5 gxf5 28.
c6 bxc6 29.dxc6 Be6 30.Ra1 Ke7 31.b5 Bc4 32.Rb1 Bd3 33.Ra1 Bxb5 34.Bd5 Bd3
35.h4 Qg7 36.Ra7 Kf6 37.Kh2 Rb8 38.Ra3 Bb5 39.Rf3 Qg4 0-1

[Event "XXI Festival"]
[Site "Arco ITA"]
[Date "1999.10.27"]
[Round "5"]
[White "Kloster, Josef"]
[Black "Astengo, Marcello"]
[Result "1-0"]
[WhiteElo "2145"]
[BlackElo "2017"]
[PlyCount "51"]
[EventDate "1999.10.23"]

1.e4 e6 2.d4 d5 3.exd5 exd5 4.c4 c6 5.Nc3 Nf6 6.Nf3 Bd6 7.Bg5 dxc4 8.Bxc4 
O-O 9.O-O Bg4 10.Qd3 Nbd7 11.Rfe1 Qc7 12.h3 Bh5 13.Bxf6 Nxf6 14.Ne5 Rae8 
15.f4 Qb6 16.Kf1 Bg6 17.f5 Bxf5 18.Qxf5 Qxd4 19.Bxf7+ Rxf7 20.Nxf7 Rf8 21.
Nxd6 Ne4 22.Qxf8+ Kxf8 23.Ndxe4 b5 24.Rad1 Qc4+ 25.Kg1 b4 26.Rd8+ 1-0

[Event "XXI Festival"]
[Site "Arco ITA"]
[Date "1999.10.27"]
[Round "5"]
[White "Lettich, Sergio"]
[Black "Falbo, Sandro"]
[Result "1/2-1/2"]
[WhiteElo "2182"]
[BlackElo "2082"]
[PlyCount "101"]
[EventDate "1999.10.23"]

1.d4 Nf6 2.c4 g6 3.Nc3 Bg7 4.e4 d6 5.Nf3 O-O 6.Be2 c5 7.d5 e6 8.O-O exd5 
9.cxd5 Re8 10.Nd2 Na6 11.f3 Nc7 12.a4 b6 13.Nc4 Ba6 14.Ne3 Bxe2 15.Qxe2 a6
16.Qd3 Rb8 17.Nc4 h6 18.Be3 Kh7 19.Rfe1 Nd7 20.f4 Nf6 21.h3 b5 22.axb5 
axb5 23.Nxd6 Qxd6 24.e5 Qd7 25.exf6 Bxf6 26.Bxc5 Rxe1+ 27.Rxe1 b4 28.Ne4 
Bg7 29.d6 Ne6 30.Be3 Bxb2 31.Nc5 Nxc5 32.Bxc5 Bf6 33.Rb1 Bc3 34.Qd5 Qb7 
35.Qxb7 Rxb7 36.Rd1 Rd7 37.Rd3 Kg7 38.Kf2 f5 39.Ke2 Kf7 40.Kd1 Bg7 41.Bxb4
Bf8 42.Ke2 Ke6 43.Ke3 Bxd6 44.Bxd6 Rxd6 45.Rxd6+ Kxd6 46.Kd4 Ke6 47.Kc5 
Ke7 48.Kd5 Kd7 49.Ke5 Ke7 50.h4 h5 51.g3 1/2-1/2

[Event "XXI Festival"]
[Site "Arco ITA"]
[Date "1999.10.27"]
[Round "5"]
[White "Lovati, Paolo"]
[Black "Rossi, Giampiero"]
[Result "1-0"]
[WhiteElo "2080"]
[BlackElo "2020"]
[PlyCount "123"]
[EventDate "1999.10.23"]

1.g3 d5 2.Bg2 c6 3.b3 Bf5 4.Bb2 e6 5.Nh3 Nf6 6.O-O Be7 7.d3 O-O 8.Nd2 Nbd7
9.e4 Bg4 10.Qe1 h6 11.f3 Bxh3 12.Bxh3 Re8 13.Kh1 Bf8 14.e5 Nh7 15.Qe2 g6 
16.f4 Bg7 17.Nf3 Nhf8 18.c4 Qa5 19.Rfc1 Rec8 20.Nd4 a6 21.a3 Qd8 22.Nf3 
Qe7 23.Qc2 Rd8 24.Bc3 Re8 25.Bb4 Qd8 26.Rf1 Rc8 27.Qd2 Ra8 28.Ra2 Rc8 29.
Ba5 Qe7 30.Qb4 Qxb4 31.Bxb4 Nh7 32.c5 a5 33.Bxa5 Nxc5 34.Bb6 Nd7 35.Be3 
Ra8 36.d4 Bf8 37.a4 Bb4 38.g4 Nhf8 39.f5 Kh7 40.fxg6+ fxg6 41.g5 h5 42.Bd2
Bxd2 43.Rxd2 Kg7 44.Ra1 Re7 45.Bf1 Rf7 46.Kg2 c5 47.dxc5 Nxc5 48.Rb1 Rf4 
49.Rc2 Nfd7 50.h3 Raf8 51.Be2 b6 52.b4 Ne4 53.Rbc1 R8f7 54.Rc6 Rxf3 55.
Bxf3 Nxg5 56.Bxd5 Nxe5 57.Bxe6 Nxe6 58.Rxe6 Nd3 59.Rf1 Nf4+ 60.Rxf4 Rxf4 
61.Rxb6 Rc4 62.a5 1-0

[Event "XXI Festival"]
[Site "Arco ITA"]
[Date "1999.10.27"]
[Round "5"]
[White "Ortega, Lexy"]
[Black "Efimov, Igor"]
[Result "1-0"]
[WhiteElo "2499"]
[BlackElo "2445"]
[PlyCount "189"]
[EventDate "1999.10.23"]

1.d4 Nf6 2.Nf3 d6 3.c4 g6 4.g3 Bg7 5.Bg2 O-O 6.Nc3 Nc6 7.O-O a6 8.b3 Rb8 
9.Nd5 Nd7 10.Bb2 e6 11.Nc3 Ne7 12.a4 a5 13.Qd2 b6 14.e4 h6 15.h4 Kh7 16.
Rfe1 Bb7 17.Rad1 Nf6 18.Nh2 Nd7 19.Nf1 Ba8 20.Nb5 Re8 21.Ne3 Bc6 22.d5 
Bxb5 23.Bxg7 Kxg7 24.dxe6 fxe6 25.axb5 e5 26.f4 Ng8 27.h5 gxh5 28.Bf3 Ndf6
29.Qh2 Qd7 30.Bxh5 Nxh5 31.Qxh5 Qe6 32.f5 Qf7 33.f6+ Qxf6 34.Nd5 Qd8 35.
Qg4+ Qg5 36.Qxg5+ hxg5 37.Nxc7 Re7 38.Nd5 Ra7 39.Rf1 a4 40.Ra1 a3 41.Ra2 
Ne7 42.Nxe7 Rxe7 43.Rxa3 g4 44.Ra2 Rbb7 45.Ra8 Ra7 46.Rff8 Rf7 47.Rxf7+ 
Rxf7 48.Rd8 Rf6 49.Kg2 Kf7 50.b4 Ke7 51.Rb8 Rf3 52.Rb7+ Kd8 53.Rxb6 Kc7 
54.Rc6+ Kd7 55.c5 dxc5 56.bxc5 Rb3 57.Rd6+ Kc8 58.b6 Kb7 59.Rd7+ Ka6 60.
Rd5 Kb5 61.Rxe5 Kc4 62.Rd5 Kb5 63.Rg5 Rb2+ 64.Kf1 Kc6 65.Ke1 Rb4 66.Rxg4 
Kxc5 67.Ke2 Rxb6 68.Ke3 Rb3+ 69.Kf4 Kd6 70.Rg6+ Ke7 71.g4 Rb1 72.Ra6 Kf7 
73.e5 Rf1+ 74.Kg5 Re1 75.e6+ Ke7 76.Kg6 Rb1 77.g5 Rb7 78.Kg7 Rc7 79.g6 Rb7
80.Kh7 Kf6+ 81.Kh6 Rb1 82.e7+ Kxe7 83.Ra7+ Ke8 84.g7 Rh1+ 85.Kg6 Rg1+ 86.
Kh7 Rh1+ 87.Kg8 Rg1 88.Ra4 Ke7 89.Rh4 Kf6 90.Rh6+ Ke7 91.Rh2 Kf6 92.Rf2+ 
Ke7 93.Re2+ Kd7 94.Rh2 Ke7 95.Kh7 1-0

[Event "XXI Festival"]
[Site "Arco ITA"]
[Date "1999.10.27"]
[Round "5"]
[White "Prang, Edgar"]
[Black "Lantini, Marco"]
[Result "1/2-1/2"]
[WhiteElo "2249"]
[BlackElo "2193"]
[PlyCount "82"]
[EventDate "1999.10.23"]

1.Nf3 Nf6 2.g3 d5 3.c4 dxc4 4.Na3 a6 5.Nxc4 b5 6.Ne3 Bb7 7.Bg2 e6 8.O-O c5
9.a4 Be7 10.d3 O-O 11.Bd2 Nd5 12.axb5 axb5 13.Rxa8 Bxa8 14.Qb3 Nxe3 15.
Bxe3 Qa5 16.Rc1 Bd5 17.Qc2 Nd7 18.d4 c4 19.Bd2 Qa8 20.Ne1 Nf6 21.f3 Qa7 
22.Be3 e5 23.Qd2 e4 24.Nc2 Qa2 25.Qc3 Qa8 26.Rf1 Bc6 27.Nb4 Bxb4 28.Qxb4 
Nd5 29.Qd2 exf3 30.Bxf3 Nxe3 31.Qxe3 Bxf3 32.Qxf3 Qxf3 33.Rxf3 b4 34.Kf2 
Rc8 35.Ke1 Rd8 36.e3 Ra8 37.Rf5 Ra1+ 38.Kd2 Ra2 39.Kc1 Ra1+ 40.Kd2 Rh1 41.
Rb5 Rxh2+ 1/2-1/2

[Event "XXI Festival"]
[Site "Arco ITA"]
[Date "1999.10.27"]
[Round "5"]
[White "Ptaschinski, Dirk"]
[Black "Ricci, Alfredo"]
[Result "1-0"]
[WhiteElo "2182"]
[BlackElo "2042"]
[PlyCount "75"]
[EventDate "1999.10.23"]

1.d4 Nf6 2.Nf3 c5 3.d5 d6 4.c4 b5 5.cxb5 Qa5+ 6.Nc3 g6 7.Nd2 Bg7 8.Nc4 Qb4
9.e3 Ne4 10.Qc2 Bxc3+ 11.bxc3 Qxc3+ 12.Qxc3 Nxc3 13.Bb2 Nxd5 14.Bxh8 f6 
15.Bg7 Kf7 16.Bh6 Nb4 17.Kd2 Bf5 18.a3 Nd5 19.Be2 Nb6 20.Nxb6 axb6 21.Bc4+
e6 22.Bf4 Ke7 23.Bd3 e5 24.Bxf5 gxf5 25.Bg3 Ra4 26.f4 Nd7 27.Rhf1 Ke6 28.
Rfd1 c4 29.Kc2 Nc5 30.Be1 d5 31.Bb4 Ne4 32.g4 fxg4 33.fxe5 fxe5 34.Rf1 d4 
35.exd4 exd4 36.Rae1 Ke5 37.Rf8 d3+ 38.Kd1 1-0

[Event "XXI Festival"]
[Site "Arco ITA"]
[Date "1999.10.27"]
[Round "5"]
[White "Rahls, Peter"]
[Black "Gorelli Fagiolini, Marco"]
[Result "1-0"]
[WhiteElo "2278"]
[BlackElo "2206"]
[PlyCount "71"]
[EventDate "1999.10.23"]

1.e4 e6 2.Nf3 d5 3.e5 c5 4.b4 cxb4 5.d4 Nc6 6.a3 f6 7.axb4 Bxb4+ 8.c3 Bf8 
9.Bd3 f5 10.g4 Nge7 11.gxf5 Nxf5 12.Bxf5 exf5 13.Ng5 Be7 14.h4 f4 15.Bxf4 
O-O 16.Be3 h6 17.Nh3 Bxh4 18.Qh5 Rf5 19.Qe2 Qf8 20.Nd2 Qf7 21.O-O-O Be6 
22.Rdg1 Kf8 23.Rg4 Qe7 24.Kb2 Rf7 25.Nf4 Bxg4 26.Ng6+ Ke8 27.Qxg4 Qc7 28.
Rxh4 Rc8 29.Qe6+ Ne7 30.Nb1 Qc4 31.Rf4 Qb5+ 32.Kc2 Qa4+ 33.Kc1 Rxc3+ 34.
Nxc3 Qa3+ 35.Kc2 Rxf4 36.Bxf4 1-0

[Event "XXI Festival"]
[Site "Arco ITA"]
[Date "1999.10.27"]
[Round "5"]
[White "Rotstein, Arkadij"]
[Black "Lieb, Harald"]
[Result "1/2-1/2"]
[WhiteElo "2460"]
[BlackElo "2254"]
[PlyCount "77"]
[EventDate "1999.10.23"]

1.e4 e6 2.d3 d5 3.Nd2 Nf6 4.Ngf3 Bc5 5.Be2 O-O 6.O-O dxe4 7.dxe4 Nc6 8.c3 
a6 9.Qc2 Qe7 10.b4 Ba7 11.a4 Nb8 12.e5 Nd5 13.Ne4 f5 14.exf6 Nxf6 15.Nxf6+
gxf6 16.Bh6 Re8 17.Rad1 Qf7 18.Nh4 Kh8 19.Rd3 Rg8 20.Rfd1 Nc6 21.Qd2 e5 
22.Bf3 Be6 23.b5 axb5 24.axb5 Na5 25.g3 Nc4 26.Qe2 Nd6 27.Bd5 Rae8 28.c4 
Bd4 29.Bxe6 Qxe6 30.Nf3 Nf5 31.Nxd4 Nxd4 32.Qh5 c5 33.bxc6 Qxc6 34.Be3 
Nf3+ 35.Kf1 Nd4 36.Kg1 Nf3+ 37.Kf1 Nd4 38.Kg1 Nf3+ 39.Kf1 1/2-1/2

[Event "XXI Festival"]
[Site "Arco ITA"]
[Date "1999.10.27"]
[Round "5"]
[White "Rytshagov, Mikhail"]
[Black "Medancic, Rikard"]
[Result "1-0"]
[WhiteElo "2539"]
[BlackElo "2329"]
[PlyCount "50"]
[EventDate "1999.10.23"]

1.e4 e5 2.Nf3 Nc6 3.d4 exd4 4.Nxd4 Nge7 5.Bc4 Nxd4 6.Qxd4 Nc6 7.Qd5 Qf6 8.
O-O Bb4 9.c3 Ba5 10.e5 Qe6 11.Bf4 O-O 12.Nd2 b5 13.Bb3 b4 14.Qf3 Qf5 15.
Rac1 bxc3 16.bxc3 Ba6 17.Bc2 Qe6 18.Rfe1 h6 19.Qg3 Ne7 20.Ne4 Kh8 21.Nc5 
Qc6 22.Be3 Bc4 23.Bd3 Be6 24.Be4 Bd5 25.e6 f6 1-0

[Event "XXI Festival"]
[Site "Arco ITA"]
[Date "1999.10.27"]
[Round "5"]
[White "Skembris, Spyridon"]
[Black "Epishin, Vladimir V."]
[Result "1/2-1/2"]
[WhiteElo "2477"]
[BlackElo "2657"]
[PlyCount "49"]
[EventDate "1999.10.23"]

1.d4 Nf6 2.c4 e6 3.Nf3 b6 4.g3 Ba6 5.Qa4 Bb7 6.Bg2 g6 7.O-O Bg7 8.Nc3 O-O 
9.Bg5 h6 10.Bxf6 Bxf6 11.e4 d6 12.Rad1 Bg7 13.Rfe1 Qe8 14.Qxe8 Rxe8 15.e5 
Na6 16.exd6 cxd6 17.Nb5 Red8 18.b3 Rd7 19.h4 Nc7 20.Ne5 dxe5 21.Bxb7 Rb8 
22.Bc6 Nxb5 23.Bxd7 Nxd4 24.Kg2 a5 25.Ba4 1/2-1/2

[Event "XXI Festival"]
[Site "Arco ITA"]
[Date "1999.10.27"]
[Round "5"]
[White "Sturma, Mauro"]
[Black "Mauro, Alan"]
[Result "1/2-1/2"]
[WhiteElo "2095"]
[BlackElo "2278"]
[PlyCount "75"]
[EventDate "1999.10.23"]

1.e4 c5 2.Nf3 Nc6 3.d4 cxd4 4.Nxd4 g6 5.Nc3 Bg7 6.Be3 Nf6 7.Be2 O-O 8.O-O 
d6 9.Qd2 Ng4 10.Bxg4 Bxg4 11.f4 Bd7 12.Rad1 Rc8 13.Nxc6 Bxc6 14.Bd4 Bxd4+ 
15.Qxd4 Qa5 16.Rf2 b5 17.a3 Ba8 18.Nd5 Bxd5 19.exd5 Rc4 20.Qe3 Qc7 21.c3 
Qc5 22.Re2 Re8 23.g3 Kf8 24.Rd3 Qxe3+ 25.Rdxe3 a5 26.Re4 Rc5 27.Rd2 Rec8 
28.a4 bxa4 29.Rxa4 Rb8 30.Kf2 Ke8 31.Ke2 Kd7 32.Kd1 h5 33.Rad4 h4 34.g4 
Rbb5 35.Kc2 a4 36.Rxa4 Rxd5 37.Ra7+ Kd8 38.Ra8+ 1/2-1/2

[Event "XXI Festival"]
[Site "Arco ITA"]
[Date "1999.10.27"]
[Round "5"]
[White "Sulava, Nenad"]
[Black "Timoscenko, Gennadij A."]
[Result "1-0"]
[WhiteElo "2467"]
[BlackElo "2536"]
[PlyCount "143"]
[EventDate "1999.10.23"]

1.d4 d5 2.Nf3 Nf6 3.c4 c6 4.Nc3 e6 5.Bg5 h6 6.Bxf6 Qxf6 7.Qb3 a5 8.e4 dxe4
9.Nxe4 Bb4+ 10.Kd1 Qf4 11.Qe3 Qxe3 12.fxe3 Be7 13.c5 O-O 14.Ne5 Nd7 15.Nc4
Rd8 16.Kc2 e5 17.Ned6 exd4 18.exd4 b6 19.Re1 Kf8 20.Nxc8 Rdxc8 21.cxb6 
Rcb8 22.g3 Nxb6 23.Ne5 Rd8 24.Bg2 Rxd4 25.Nxc6 Rc8 26.Rxe7 Rxc6+ 27.Bxc6 
Kxe7 28.Re1+ Kd6 29.Be8 f5 30.Bf7 f4 31.Re6+ Kc7 32.Re7+ Kd6 33.Re6+ Kc7 
34.Bh5 fxg3 35.hxg3 Rc4+ 36.Kd3 Rb4 37.b3 a4 38.Bd1 axb3 39.axb3 Nd7 40.
Re7 g5 41.Kc3 Rb6 42.Bg4 Rc6+ 43.Kd4 Rd6+ 44.Ke3 h5 45.Bxh5 Rb6 46.Bf7 Kd8
47.Re8+ Kc7 48.Rg8 Ne5 49.Bc4 Nxc4+ 50.bxc4 Rb3+ 51.Kf2 Rc3 52.Rxg5 Rxc4 
53.Rd5 Kc6 54.Rd1 Rg4 55.Kf3 Rg8 56.g4 Rf8+ 57.Kg3 Rg8 58.Kf4 Rf8+ 59.Ke5 
Rg8 60.Kf5 Rf8+ 61.Ke6 Rg8 62.Rc1+ Kb5 63.Rg1 Kc6 64.g5 Re8+ 65.Kf7 Re2 
66.Rd1 Rf2+ 67.Kg7 Kc5 68.g6 Rg2 69.Kf7 Rf2+ 70.Kg8 Rg2 71.g7 Rg3 72.Rh1 
1-0

[Event "XXI Festival"]
[Site "Arco ITA"]
[Date "1999.10.27"]
[Round "5"]
[White "Tatai, Stefano"]
[Black "Lazarev, Vladimir"]
[Result "0-1"]
[WhiteElo "2357"]
[BlackElo "2501"]
[PlyCount "72"]
[EventDate "1999.10.23"]

1.e4 c5 2.Nf3 Nc6 3.Bb5 e6 4.O-O Nge7 5.Re1 a6 6.Bf1 d5 7.d3 d4 8.a4 e5 9.
Nbd2 f6 10.Nc4 Be6 11.c3 Ng6 12.cxd4 cxd4 13.Bd2 a5 14.Qb3 Bb4 15.Rec1 O-O
16.Qd1 h6 17.Bxb4 Nxb4 18.g3 Kh8 19.Ne1 f5 20.exf5 Bxf5 21.Qd2 b6 22.Nc2 
Nxc2 23.Rxc2 Qf6 24.Re1 Bd7 25.b3 Bc6 26.Qd1 Bf3 27.Be2 Nh4 28.Nd2 Bg2 29.
f3 Bxf3 30.Rf1 Bxe2 31.Qxe2 Qg5 32.Ne4 Qg6 33.Rc7 Nf5 34.Rf3 Ne3 35.Qf2 
Kg8 36.Nd2 Qxd3 0-1

[Event "XXI Festival"]
[Site "Arco ITA"]
[Date "1999.10.27"]
[Round "5"]
[White "Trabert, Bettina"]
[Black "Svensson, Leif"]
[Result "1-0"]
[WhiteElo "2301"]
[BlackElo "2221"]
[PlyCount "57"]
[EventDate "1999.10.23"]

1.e4 e5 2.Nf3 Nc6 3.d4 exd4 4.Nxd4 Qh4 5.Nc3 Bb4 6.Qd3 Nf6 7.Nxc6 dxc6 8.
Bd2 Ng4 9.g3 Qf6 10.f4 Bc5 11.Nd1 O-O 12.h3 Rd8 13.Qf3 Ne5 14.Qg2 Ng6 15.
Nc3 b5 16.O-O-O Bb7 17.Bd3 Qd4 18.Rhf1 a5 19.e5 b4 20.Na4 Be7 21.Be4 Ba6 
22.Rfe1 Bb5 23.Bxc6 Qc4 24.Bxb5 Qxa2 25.c4 b3 26.Qe4 Rab8 27.Nc3 Bb4 28.
Nxa2 bxa2 29.Kc2 1-0

[Event "XXI Festival"]
[Site "Arco ITA"]
[Date "1999.10.27"]
[Round "5"]
[White "Valenti, Giuseppe"]
[Black "Wagman, Stuart"]
[Result "0-1"]
[WhiteElo "2227"]
[BlackElo "2169"]
[PlyCount "64"]
[EventDate "1999.10.23"]

1.Nf3 d5 2.b3 Bg4 3.e3 e6 4.Bb2 Nf6 5.Be2 Be7 6.O-O Nbd7 7.c4 O-O 8.d3 c6 
9.Nbd2 a5 10.e4 Nc5 11.Ne5 Bxe2 12.Qxe2 a4 13.exd5 cxd5 14.cxd5 Qxd5 15.
Ndc4 Ra6 16.b4 Ncd7 17.a3 Nxe5 18.Nxe5 Nd7 19.Nc4 Bf6 20.d4 Qb5 21.Rfe1 
Rc6 22.Na5 Qxe2 23.Rxe2 Rc7 24.Rc1 Rfc8 25.Rxc7 Rxc7 26.b5 Bxd4 27.g3 Bb6 
28.Nxb7 Rxb7 29.Re4 Bc5 30.Rxa4 Rxb5 31.Ra8+ Nf8 32.Rc8 Bxf2+ 0-1

[Event "XXI Festival"]
[Site "Arco ITA"]
[Date "1999.10.27"]
[Round "5"]
[White "Zucchelli, Massimo"]
[Black "Bonomi, Maurizio"]
[Result "0-1"]
[WhiteElo "2199"]
[BlackElo "2238"]
[PlyCount "69"]
[EventDate "1999.10.23"]

1.d4 Nf6 2.c4 g6 3.Nc3 Bg7 4.e4 d6 5.Be2 O-O 6.Bg5 h6 7.Be3 Na6 8.Qd2 Kh7 
9.f3 e5 10.d5 Ng8 11.O-O-O Bd7 12.Bd3 Nc5 13.Bc2 a5 14.Nge2 Qb8 15.Nb5 Rd8
16.Nec3 Qc8 17.Kb1 Nf6 18.g4 Ng8 19.h4 Bxb5 20.Nxb5 Qd7 21.Qf2 Qe7 22.Rd2 
Na6 23.Ba4 Nf6 24.Nc3 Nd7 25.Bxd7 Rxd7 26.h5 g5 27.Na4 Bf8 28.Rc2 b6 29.
Nc3 Rdd8 30.Nb5 Rdb8 31.a3 a4 32.Qd2 Qd7 33.Qd3 Rd8 34.Kc1 Kg8 35.Kd1 0-1

[Event "XXI Festival"]
[Site "Arco ITA"]
[Date "1999.10.28"]
[Round "6"]
[White "Astengo, Marcello"]
[Black "Diotallevi, Maurizio"]
[Result "0-1"]
[WhiteElo "2017"]
[BlackElo "1909"]
[PlyCount "79"]
[EventDate "1999.10.23"]

1.d4 d5 2.Nf3 e6 3.Bf4 c6 4.e3 Nf6 5.Bd3 Be7 6.c3 Nbd7 7.Nbd2 Nf8 8.Ne5 
Ng6 9.Bg3 Nd7 10.O-O f5 11.f3 Ndxe5 12.dxe5 Qc7 13.e4 f4 14.Bf2 Nxe5 15.
Bc2 O-O 16.Qb1 g6 17.Kh1 Bd6 18.Re1 b6 19.Bb3 Ba6 20.Bc2 Rae8 21.Nb3 c5 
22.Qd1 Bb7 23.Qe2 Bc6 24.Rad1 Nc4 25.Bb1 a5 26.Nc1 Ne5 27.Nb3 a4 28.Nd2 
Qd7 29.Qf1 Bb5 30.Qg1 Nd3 31.c4 dxc4 32.e5 Be7 33.Ne4 Qc6 34.Re2 Rd8 35.
Be1 Rd7 36.Bc3 Rfd8 37.Rf1 Ba6 38.g3 Bb7 39.Rg2 Rf8 40.Nf6+ 0-1

[Event "XXI Festival"]
[Site "Arco ITA"]
[Date "1999.10.28"]
[Round "6"]
[White "Bellia, Fabrizio"]
[Black "Haldemann, Paul"]
[Result "1-0"]
[WhiteElo "2333"]
[BlackElo "2235"]
[PlyCount "39"]
[EventDate "1999.10.23"]

1.e4 c5 2.Nf3 e6 3.d4 cxd4 4.Nxd4 a6 5.Bd3 Bc5 6.Nb3 Ba7 7.O-O Nc6 8.c4 
Nf6 9.Nc3 d6 10.Kh1 e5 11.Be2 Be6 12.f4 h6 13.Qd3 Qe7 14.Nd5 Bxd5 15.cxd5 
Nd4 16.fxe5 dxe5 17.Nxd4 Bxd4 18.Qg3 Nxe4 19.Qxg7 O-O-O 20.Qg4+ 1-0

[Event "XXI Festival"]
[Site "Arco ITA"]
[Date "1999.10.28"]
[Round "6"]
[White "Blasco, Domenico"]
[Black "Barbafiera, Luigi"]
[Result "1-0"]
[WhiteElo "2111"]
[BlackElo "1915"]
[PlyCount "65"]
[EventDate "1999.10.23"]

1.d4 Nf6 2.e3 e6 3.Bd3 b6 4.f4 Bb7 5.Nf3 Be7 6.O-O O-O 7.Nbd2 d5 8.Ne5 c5 
9.c3 Nbd7 10.Qf3 Ne8 11.Qh3 f5 12.b3 cxd4 13.exd4 Nd6 14.Bb2 Nf6 15.Rac1 
Rc8 16.Rc2 Nfe4 17.Nxe4 Nxe4 18.Rfc1 Rf6 19.c4 Rh6 20.Qe3 Qe8 21.Qe2 g5 
22.cxd5 Rxc2 23.Rxc2 Bxd5 24.Ba6 Qh5 25.Qxh5 Rxh5 26.Rc8+ Kg7 27.Rc7 Kf8 
28.Be2 Rh6 29.fxg5 Nxg5 30.Bc1 Nh3+ 31.gxh3 Rxh3 32.Bc4 Rc3 33.Bh6+ 1-0

[Event "XXI Festival"]
[Site "Arco ITA"]
[Date "1999.10.28"]
[Round "6"]
[White "Bonomi, Maurizio"]
[Black "Rotstein, Arkadij"]
[Result "0-1"]
[WhiteElo "2238"]
[BlackElo "2460"]
[PlyCount "114"]
[EventDate "1999.10.23"]

1.Nf3 c5 2.c4 Nc6 3.Nc3 g6 4.g3 Bg7 5.Bg2 e5 6.O-O Nge7 7.d3 d6 8.a3 a5 9.
Rb1 O-O 10.Bd2 h6 11.e4 f5 12.Nd5 a4 13.h3 g5 14.Bc3 Nxd5 15.exd5 Nd4 16.
Bxd4 cxd4 17.Nd2 Qa5 18.b4 axb3 19.Nxb3 Qc7 20.Qc1 Bd7 21.Nd2 Ra7 22.Rb4 
Rfa8 23.Nb1 Be8 24.Qd1 Bg6 25.Qe2 Re8 26.g4 Qf7 27.f3 Bf6 28.Rb3 Bd8 29.
gxf5 Bxf5 30.Nd2 Be7 31.Ne4 Rea8 32.Qb2 Bc8 33.Ra1 Kg7 34.Qd2 Ra6 35.Ra2 
R8a7 36.Ra1 Kg6 37.Qf2 Qf4 38.Qd2 Qh4 39.Qf2 Qf4 40.Qd2 Qf7 41.Ra2 Bd8 42.
Qf2 Qf4 43.Qd2 Qxd2 44.Nxd2 Kf7 45.Ne4 Ke7 46.Bf1 Rb6 47.Rxb6 Bxb6 48.Kg2 
Bc5 49.Nxc5 dxc5 50.Kg3 Kd6 51.Be2 Bd7 52.Rb2 Kc7 53.Rb3 Ra6 54.Bf1 Rf6 
55.Be2 Rf4 56.Rb2 Be8 57.Rb1 Rf6 0-1